[Event "Pan-AM College-chT 2018"]
[Site "Burlingame"]
[Date "2018.12.28"]
[Round "2"]
[White "Cordova, Emilio"]
[Black "Nagarajan, Pranav"]
[Result "1-0"]
[WhiteElo "2595"]
[BlackElo "2206"]
[Annotator "TA"]
[PlyCount "79"]
[EventDate "2018.12.28"]
[EventType "swiss"]
[EventCountry "USA"]
[SourceTitle "playchess.com"]
[Source "ChessBase"]
[SourceQuality "1"]

{[%evp 20,79,14,0,0,-20,-14,-15,-12,-13,-7,-15,-20,-33,-33,-16,62,60,60,76,85,87,129,150,141,133,133,134,154,118,188,183,181,180,247,234,231,202,238,238,363,251,277,243,249,220,336,309,459,450,29994,497,394,402,29996,29996,29997,29994,29997,29998,29998,29999]} 1. Nf3 d5 2. d4 Nf6 3. c4 e6 4. g3 dxc4 5. Qa4+ c6 6. Qxc4 b5 7. Qc2 Bb7 8. Bg2 Be7 9. O-O O-O 10. Bg5 Nbd7 11. Nbd2 {LiveBook: 3 Games. D30: Queen's Gambit Declined: Systems without Nc3} c5 12. dxc5 $146 ({Predecessor:} 12. Bxf6 gxf6 13. Rac1 Qb6 14. dxc5 Nxc5 15. Nb3 Be4 16. Qc3 Nxb3 17. Qxb3 Rac8 18. Nh4 Bg6 {½-½ (27) Vitiugov,N (2722)-Riazantsev,A (2650) St Petersburg 2017}) 12... Nxc5 13. Bxf6 {The position is equal.} gxf6 14. Rad1 Rc8 15. Nb3 Qb6 16. e3 Nxb3 17. Qxb3 Bd5 (17... a6 $11) 18. Rxd5 $14 exd5 19. Nh4 Rfd8 20. Bxd5 Bf8 21. Bxf7+ Kh8 22. Bd5 Rc7 23. e4 Bc5 24. Kg2 a5 (24... Bd4 $16) 25. Nf5 $18 a4 26. Qd1 Ra7 (26... Bd6 {is a better defense.} 27. Qh5 Qc5) 27. Qg4 Bd4 28. b3 axb3 29. Bxb3 ({Don't play} 29. axb3 Bc3) 29... Rf8 (29... Bc3 $142 30. Nh6 Rf8 31. Nf7+ Raxf7) 30. Rd1 {[%cal Bf1d1,Bd1d5,Bd5h5][%mdl 32]} Bc5 31. Rd5 Rc7 32. Qe2 $40 {[%mdl 128] White attacks with force.} Re8 (32... Qc6 $142 33. Qg4 Qb7) 33. Qh5 Rf8 (33... Rec8 $142 34. Qh6 Bf8) 34. Nh4 Kg7 {[#]} (34... f5 $18 35. exf5 Rg7) 35. Qg4+ (35. Qxh7+ $142 $3 {[%mdl 512]} Kxh7 36. Rh5+ Kg7 37. Nf5+ Kg6 38. Rh6+ Kg5 39. h4+ Kg4 40. f3#) 35... Kh8 36. Rh5 {White threatens Ng6+ and mate.} Bxf2 (36... Rg7 $18 37. Rxh7+ {[%mdl 64] Remove Defender, Deflection} Rxh7 38. Ng6+ {[%mdl 64] Double Attack} Kg7 39. Nxf8+ Kxf8 40. Qg8+ {[%mdl 64] Double Attack} Ke7 41. Qxh7+ Kd8 42. Qh8+ Kc7) 37. Ng6+ {[%mdl 64] Double Attack. White mates.} Kg7 38. Ne7+ Kh8 {[#]} 39. Rxh7+ $1 {[%mdl 576] Clearance} Kxh7 40. Qg6+ {Accuracy: White = 67%, Black = 24%.} 1-0

[Event "Pan-AM College-chT 2018"]
[Site "Burlingame"]
[Date "2018.12.28"]
[Round "2"]
[White "Liou, Yian"]
[Black "Shimanov, Aleksandr"]
[Result "0-1"]
[WhiteElo "2412"]
[BlackElo "2610"]
[Annotator "TA"]
[PlyCount "120"]
[EventDate "2018.12.28"]
[EventType "swiss"]
[EventCountry "USA"]
[SourceTitle "playchess.com"]
[Source "ChessBase"]
[SourceQuality "1"]

{[%evp 20,120,0,3,17,10,34,32,26,17,37,13,35,39,34,-10,-10,-34,-29,-20,-36,-31,-15,-48,-42,-64,-53,-58,-38,-52,-59,-54,-61,-93,-97,-100,-78,-95,-56,-65,-74,-63,-57,-91,-60,-56,-61,-90,-29,-50,-40,-54,-37,-37,-34,-56,-46,-32,-25,-15,-22,-30,-29,-27,-19,-20,-21,-18,-18,-45,-38,-57,-60,-35,-47,-74,-74,-99,-98,-120,-55,-108,-71,-191,-204,-181,-235,-216,-183,-254,-228,-261,-258,-317,-302,-312,-312,-337,-325,-1336,-1300,-1156,-1067]} 1. e4 c6 2. d4 d5 3. Nd2 dxe4 4. Nxe4 Bf5 5. Ng3 Bg6 6. Nh3 Nf6 {B18: Classical Caro-Kann: 4...Bf5 sidelines} (6... e6 7. Nf4 Bd6 8. c3 Nf6 9. h4 Bxf4 10. Bxf4 h6 11. a4 O-O 12. a5 Nd5 13. Bd2 Nd7 14. c4 N5f6 15. h5 Bh7 16. Bc3 c5 {1-0 (68) Ivanchuk,V (2726)-Artemiev,V (2691) Huaian 2017}) 7. Bc4 e6 8. Nf4 Qc7 9. c3 Nbd7 10. Qf3 Bd6 11. O-O {LiveBook: 30 Games} c5 {With the idea ...cxd4.} 12. Bb3 O-O-O 13. Re1 $146 ({Predecessor:} 13. Be3 c4 14. Nxg6 hxg6 15. Bc2 Nb6 {0-1 (52) Can,E (2477)-Arutinian,D (2566) Konya 2010}) 13... c4 14. Nxg6 hxg6 15. Bc2 Kb8 16. b3 Nb6 17. Bg5 (17. bxc4 {is interesting.} Nxc4 18. h3 Rc8 19. Rb1 Bxg3 20. fxg3 Qc6 21. Rf1) 17... Rc8 18. bxc4 Qxc4 19. Bxf6 gxf6 20. Qxf6 Qxc3 21. Be4 Qc7 22. h3 Rhd8 $36 {[%mdl 2048] White is under pressure.} 23. Ne2 Qe7 24. Qxe7 Bxe7 25. Rab1 Rc4 26. Rec1 {Strongly threatening Rxc4.} Ra4 27. Rc2 Bf6 28. Bd3 Nd5 29. Bb5 Ra3 30. g3 Ne7 31. Kg2 Nf5 32. Bc6 b6 33. Rd2 e5 (33... Bxd4 $17 34. Rbd1 Kc7 35. Nxd4 Nxd4) 34. d5 e4 35. Rc2 Be5 36. Rb4 Nd6 37. Rb3 Rxb3 38. axb3 a6 39. Ra2 Ka7 40. f3 exf3+ 41. Kxf3 b5 {[%cal Bb6b5,Bb5b4][%mdl 32]} 42. Nc1 Kb6 43. Nd3 Bc3 44. Rc2 b4 45. g4 Nb5 46. Bxb5 Kxb5 $15 {[%mdl 4096] Endgame KRB-KRN} 47. Ke4 a5 48. Ra2 Re8+ 49. Kf3 g5 ({Black should play} 49... Rh8 $17 50. Nf4 Be5) 50. Re2 ({Better is} 50. Nf2 $15) 50... Rd8 $17 51. Re7 (51. Ke4 $17 {was forced.}) 51... Rxd5 $19 52. Ke4 Rd4+ 53. Ke3 f6 54. Rb7+ (54. Re8 {keeps fighting.}) 54... Kc6 55. Ra7 {[#]} Kb6 $1 56. Re7 Rd8 57. Ke2 {[#]} a4 $1 {[%cal Ba5a4,Ba4a3][%mdl 544]} 58. Re6+ (58. bxa4 b3) 58... Ka5 59. Nc5 $2 (59. bxa4 b3 60. Re7) 59... Rd2+ 60. Ke3 a3 {Accuracy: White = 53%, Black = 67%.} 0-1

[Event "Pan-AM College-chT 2018"]
[Site "Burlingame"]
[Date "2018.12.28"]
[Round "2"]
[White "Kleinman, Michael"]
[Black "Nyzhnyk, Illya"]
[Result "0-1"]
[WhiteElo "2411"]
[BlackElo "2624"]
[Annotator "TA"]
[PlyCount "134"]
[EventDate "2018.12.28"]
[EventType "swiss"]
[EventCountry "USA"]
[SourceTitle "playchess.com"]
[Source "ChessBase"]
[SourceQuality "1"]

{[%evp 18,134,29,29,41,45,39,9,16,20,17,8,16,11,8,12,5,9,37,43,48,50,44,0,35,14,39,18,18,18,13,18,56,64,75,12,42,0,0,0,0,0,0,0,0,0,0,-10,-10,-10,-10,-8,-8,-9,-9,-9,-11,-29,-42,-30,-30,-41,-31,-51,-35,-38,-31,-35,-39,-45,-67,-70,-65,-70,-70,-70,-71,-79,-79,-258,-258,-326,-326,-326,-326,-318,-318,-296,-287,-453,-453,-453,-453,-448,-420,-469,-469,-469,-469,-469,-462,-462,-462,-455,-447,-433,-371,-29977,-29978,-29978,-29979,-29979,-29980,-29982,-29983,-29983,-29984,-29984,-29985]} 1. e4 c6 2. d4 d5 3. exd5 cxd5 4. Bd3 Nc6 5. c3 Qc7 6. h3 Nf6 7. Nf3 g6 8. Qc2 {B13: Caro-Kann: Exchange Variation and Panov-Botvinnik Attack} (8. O-O Bf5 9. Ne1 e6 10. Bg5 Be7 11. Nd2 h6 12. Be3 g5 13. Bxf5 exf5 14. Ndf3 O-O-O 15. Nd3 Ne4 {0-1 (33) Iljiushenok,I (2539)-Artemiev,V (2706) Sochi 2018}) 8... Bg7 9. O-O O-O 10. Re1 {LiveBook: 12 Games. White has an edge.} a6 11. Be3 $146 ({Predecessor:} 11. Bg5 Re8 12. Nbd2 Nh5 13. Qb3 Be6 14. Nf1 Na5 {0-1 (52) Hasanova,E (2033)-Zimina,O (2360) Elista 2002}) 11... b5 12. a4 b4 13. Nbd2 bxc3 14. bxc3 {[%cal Bb2c3,Bc3c4,Bc4c5][%mdl 32]} Nd7 15. Qa2 Bb7 16. Rab1 Na5 17. Rec1 Rfc8 18. c4 e6 19. c5 Nc6 20. Rc3 a5 21. Bb5 Nb4 22. Qb3 Bc6 23. Qd1 Rcb8 24. Qf1 f6 25. Nb3 e5 26. Ne1 ({Better is} 26. Bd2 $16) 26... Ra7 27. Rcc1 Rab7 {[%cal Rb7b5]} 28. Nxa5 $1 Bxb5 29. axb5 Qxa5 30. b6 Qa4 31. Ra1 Qc6 32. Rcb1 (32. Bd2 {[#]} Nxb6 $1 {[%mdl 512]} 33. Bxb4 Na4 $17) 32... exd4 33. Bxd4 Nxc5 34. Rxb4 {Strongly threatening Rc1.} Ne6 (34... Rxb6 35. Rxb6 Qxb6 36. Nd3 $18) 35. Nf3 Nxd4 36. Nxd4 Qd6 37. Qe1 Bf8 38. Rb5 Rxb6 39. Rxb6 Rxb6 40. Qa5 Qc5 41. Qd2 Qb4 42. Qe3 Qe7 $36 {[%mdl 2048] Black has the initiative.} 43. Qxe7 Bxe7 $15 {[%mdl 4096] Endgame KRB-KRN} 44. Ra5 Rb1+ 45. Kh2 Rd1 46. Rxd5 Kf7 $1 47. g4 Bb4 {aiming for ...Bc3.} 48. Rd7+ $2 (48. Rd8 $17) 48... Ke8 $19 49. Rxh7 Rxd4 {KRB-KR} 50. Kg3 Bd6+ 51. Kf3 Rf4+ 52. Ke3 Ra4 53. f3 (53. Kf3 $142) 53... Bc5+ 54. Kd3 Ra7 55. Rh8+ Kf7 56. h4 Kg7 57. Rc8 Bf2 58. h5 gxh5 59. gxh5 Ra5 60. Rc2 Bh4 61. Rg2+ Rg5 62. Rg4 $2 {[#]} (62. Rh2 $19 Rxh5 63. f4) 62... Rxg4 {Black mates.} 63. fxg4 Kh6 64. Ke4 Kg5 65. Kd5 Kxg4 66. h6 f5 67. Ke6 Be1 {Accuracy: White = 50%, Black = 78%.} 0-1

[Event "Pan-AM College-chT 2018"]
[Site "Burlingame"]
[Date "2018.12.28"]
[Round "2"]
[White "Stefanov, Emil"]
[Black "Ipatov, Alexander"]
[Result "0-1"]
[WhiteElo "2392"]
[BlackElo "2649"]
[Annotator "RC"]
[PlyCount "24"]
[EventDate "2018.12.28"]
[EventType "swiss"]
[EventCountry "USA"]
[SourceTitle "playchess.com"]
[Source "ChessBase"]
[SourceQuality "1"]
[TimeControl "5400+30"]

1. d4 {[%emt 0:00:00]} Nf6 {[%emt 0:00:00]} 2. c4 {[%emt 0:00:00]} b6 {[%emt 0:00:00]} 3. Nf3 {[%emt 0:01:51]} Bb7 {[%emt 0:00:24]} 4. g3 {[%emt 0:00:20]} g6 {[%emt 0:03:52]} 5. Bg2 {[%emt 0:03:14]} Bg7 {[%emt 0:03:44]} 6. O-O {[%emt 0:01:52]} O-O {[%emt 0:00:03]} 7. Nc3 {[%emt 0:16:44]} Ne4 {[%emt 0:00:05]} 8. Qd3 {[%emt 0:05:01]} Nxc3 {[%emt 0:00:38]} 9. bxc3 {[%emt 0:00:08]} Nc6 {[%emt 0:04:19]} 10. Nd2 {[%emt 0:02:20]} Na5 {[%emt 0:05:16]} 11. Bf3 {[%emt 0:01:56]} Bc6 12. Bxc6 {[%emt 0:00:31]} Nb7 {[%emt 0:02:53]} 0-1

[Event "Pan-AM College-chT 2018"]
[Site "Burlingame"]
[Date "2018.12.28"]
[Round "2"]
[White "Eswaran, Ashritha"]
[Black "Durarbayli, Vasif"]
[Result "0-1"]
[WhiteElo "2227"]
[BlackElo "2620"]
[Annotator "TA"]
[PlyCount "120"]
[EventDate "2018.12.28"]
[EventType "swiss"]
[EventCountry "USA"]
[SourceTitle "playchess.com"]
[Source "ChessBase"]
[SourceQuality "1"]

{[%evp 17,120,19,42,0,26,0,0,0,0,0,0,0,-6,-5,0,0,0,0,20,8,50,43,47,48,44,24,61,54,76,41,76,20,55,6,83,46,48,0,52,61,36,40,101,109,107,21,39,20,29,29,29,0,0,0,0,0,0,-3,-6,-7,0,0,0,-154,0,-16,-16,-16,-17,-106,-110,-88,-74,-344,-329,-558,-523,-1311,-379,-29973,-1184,-435,-412,-1229,-1166,-1084,-1070,-29976,-1133,-1079,-1112,-785,-959,-1987,-849,-1990,-1950,-1406,-2939,-2434,-2354,-6066,-5909,-2143,-1481]} 1. e4 e5 2. Nf3 Nc6 3. Bc4 Bc5 4. O-O Nf6 5. d3 O-O 6. h3 {C50: Hungarian Defence and Giuoco Pianissimo} (6. Bg5 h6 7. Bh4 Be7 8. Bg3 d6 9. a4 Be6 10. Nbd2 Bxc4 11. Nxc4 g6 12. c3 Nh5 13. Qb3 Rb8 14. Rfe1 Bf6 15. Rad1 {½-½ (40) Adhiban,B (2668)-So,W (2776) Douglas 2018}) 6... a6 7. c3 b5 {[%cal Bb7b5,Bb5b4][%mdl 32]} 8. Bb3 d6 9. Nbd2 Be6 {LiveBook: 3 Games} 10. a4 $146 ({Predecessor:} 10. Re1 Re8 11. Nf1 h6 12. Be3 Bxe3 13. Nxe3 d5 14. exd5 Nxd5 15. d4 Nxe3 16. Rxe3 exd4 17. cxd4 Bxb3 18. Rxe8+ Qxe8 19. Qxb3 Rd8 {½-½ (20) Kindermann,S (2522)-Gustafsson,J (2535) Austria 2001}) 10... Bxb3 11. Qxb3 b4 12. Nc4 Rb8 13. Qc2 Re8 14. Be3 Bxe3 15. Nxe3 Na5 16. Rfe1 Qd7 17. Nd2 c5 18. Ndc4 Nc6 19. a5 Rb5 20. Nf5 $36 {[%mdl 2048] White has the initiative.} Re6 21. Qd2 Qd8 22. Qg5 {[%csl Gf5][%cal Rg5g7]} g6 23. Nh6+ Kg7 24. Ng4 (24. f4 $1 $16) 24... h5 25. Nxf6 Rxf6 (25... Qxf6 $11 {keeps the balance.} 26. Qxf6+ Rxf6) 26. Ne3 Ne7 27. Nc4 Rf4 (27... Nc6 $11) 28. d4 $14 cxd4 29. cxd4 h4 (29... Rf6 $1 $14) 30. dxe5 $16 dxe5 {[#] Hoping for ...f6.} 31. Nxe5 ({White should try} 31. Rad1 $1 $16 {[%cal Rd1d8]} Qxd1 32. Rxd1) 31... Rf6 $11 {...Qd4 is the strong threat.} 32. Red1 Qa8 33. Rd7 Re6 $1 34. f4 Qxe4 35. Rxe7 Qe3+ $1 36. Kh1 Rbxe5 $1 37. Rxe6 Rxe6 38. Qxh4 {[%mdl 4096] Endgame KQR-KQR} Qd2 39. f5 Qxb2 40. Rf1 $2 {[#]} (40. Rg1 $11 gxf5 41. Qg5+ Rg6 42. Qxf5) 40... gxf5 (40... Rf6 $1 $17 41. Kh2 Qe5+ 42. Kh1 Qc5) 41. Qf4 Rg6 {[%csl Gg6][%cal Rb2g2]} 42. Rf2 Qa1+ 43. Kh2 (43. Rf1 $1 $11 {remains equal.} Qxa5 44. Qd4+ Kh7 45. Rf4) 43... Qxa5 $17 {aiming for ...Qc5.} 44. Qd4+ Rf6 {Threatens to win with ...Qb6.} 45. Rf3 $2 {[%mdl 8192]} (45. Rf4 $17 {was the only chance.}) 45... Qb6 $19 46. Rg3+ $2 (46. Qb2 Qd6+ 47. Kh1) 46... Kf8 47. Qh4 Qd6 $2 (47... Rh6 48. Qc4 Qd6) 48. Qh8+ $2 (48. Kh1 Rh6 49. Rd3) 48... Ke7 49. Qh4 Kd7 {And now ...Rg6 would win.} 50. Qc4 (50. Kg1 $142 Rh6 51. Qg5) 50... Re6 51. Qb3 Ke7 52. Kh1 a5 (52... f4 $142 53. Rf3 Re1+ 54. Kh2 Qd4 55. Qxb4+ Qxb4 56. h4 Qd4 57. Rb3 Qg1+ 58. Kh3 f5 59. Rb7+ Ke6 60. Rb6+ Qxb6 61. Kh2 Qg1+ 62. Kh3 Qh1#) 53. Re3 {Black is clearly winning.} Qd4 54. Rxe6+ fxe6 {KQ-KQ} 55. Qa2 Qd1+ 56. Kh2 a4 {[%cal Ba5a4,Ba4a3][%mdl 32]} 57. Qf2 Qd6+ (57... a3 $142 58. Qa7+ Qd7) 58. Kh1 a3 59. Qa7+ Kf6 60. Qa8 Ke5 {Accuracy: White = 37%, Black = 55%.} 0-1

[Event "Pan-AM College-chT 2018"]
[Site "Burlingame"]
[Date "2018.12.28"]
[Round "2"]
[White "Wong, Jianwen"]
[Black "Quesada Perez, Yuniesky"]
[Result "0-1"]
[WhiteElo "2191"]
[BlackElo "2642"]
[Annotator "TA"]
[PlyCount "134"]
[EventDate "2018.12.28"]
[EventType "swiss"]
[EventCountry "USA"]
[SourceTitle "playchess.com"]
[Source "ChessBase"]
[SourceQuality "1"]

{[%evp 19,134,0,22,0,2,-2,0,0,0,-5,0,-15,-21,-18,-9,-11,-6,-27,-4,-25,-25,-44,-45,-53,-56,-48,-53,-62,-59,-47,-45,-51,-54,-189,-183,-191,-183,-184,-143,-322,-315,-386,-383,-441,-425,-481,-483,-452,-367,-511,-499,-487,-509,-496,-489,-496,-496,-607,-589,-735,-732,-714,-718,-736,-716,-727,-722,-869,-807,-1033,-1029,-1010,-842,-839,-627,-764,-627,-620,-614,-601,-591,-852,-843,-789,-781,-943,-940,-929,-881,-935,-920,-2130,-1941,-5635,-4364,-29984,-29985,-29985,-29986,-29990,-29988,-29988,-29987,-29991,-29990,-29990,-29991,-29991,-29992,-29992,-29993,-29997,-29993,-29993,-29994,-29994,-29993]} 1. b3 d5 2. Bb2 Nf6 3. Nf3 Bg4 4. g3 e6 5. Bg2 Nbd7 6. d3 Be7 7. Nbd2 c6 8. c4 O-O 9. O-O a5 10. a3 b5 {LiveBook: 36 Games} 11. Ra2 {A12: English Opening: 1...c6 with b3 by White} (11. Rc1 Qb6 12. Rc2 a4 13. cxd5 cxd5 14. b4 Rac8 15. Qb1 Qb7 16. Rfc1 Nb6 17. Nd4 Qd7 18. N2f3 Bxf3 19. Bxf3 {1-0 (34) Laznicka,V (2681)-Jansa,V (2518) Hustopece 2011}) 11... Qb6 $146 ({Predecessor:} 11... Qb8 12. Qa1 Rc8 13. Re1 Qa7 14. Ne5 Nxe5 15. Bxe5 Bc5 16. e3 Ne8 17. Nf3 Bh5 18. Qc1 Bg6 {½-½ (60) Haub,T (2365)-Ellers,H (2275) Germany 1995}) 12. Qa1 Rfc8 13. h3 {The position is equal.} Bh5 14. g4 Bg6 15. Ne5 Nxe5 16. Bxe5 Ne8 17. Rc1 f6 18. Bc3 Qa6 19. cxd5 cxd5 20. a4 b4 21. Bd4 Bf7 22. Rac2 e5 $36 {[%mdl 2048] Black is more active.} 23. Bc5 Bd8 $1 24. f4 exf4 25. Qd4 Nc7 {[#] Strongly threatening ...Ne6.} 26. Kf1 (26. Qb2 $15) 26... Ne6 $19 27. Qf2 Qb7 (27... Rxc5 28. Rxc5 Nxc5 29. Qxc5 $17) 28. h4 Qd7 ({But not} 28... Nxc5 29. Rxc5 Rxc5 30. Qxc5 $17) 29. Bf3 $2 (29. Bb6 $17) 29... Rc6 ({Less strong is} 29... Rxc5 30. Rxc5 Nxc5 31. Qxc5 $17) 30. d4 Rac8 31. Kg1 Be7 32. Kh2 Nxc5 ({Much less strong is} 32... Bg6 33. Rb2 $19) 33. dxc5 Qa7 34. Qg2 Rxc5 35. Rxc5 Rxc5 36. Rd1 Qc7 37. Nf1 Qe5 38. Rd3 Rc3 39. Rxd5 Bxd5 40. Bxd5+ Kf8 {aiming for ...f3+.} 41. Kh1 {[#]} f3 $1 42. Bxf3 Rxb3 43. Bd5 Rc3 44. Be4 g6 45. Bd3 Kg7 46. Qb7 Qc7 47. Qe4 Qc6 48. Qxc6 Rxc6 {[%mdl 4096] Endgame KRB-KBN} 49. Nd2 Rc3 50. Nb1 Rc1+ 51. Kg2 b3 52. h5 Kh6 53. Kf3 Bb4 54. Ke3 Kg5 55. Be4 Kxg4 56. hxg6 hxg6 {[%cal Bh7g6,Bg6g5,Bg5g4][%mdl 32]} 57. Kf2 f5 {Black mates.} 58. Bd3 Kf4 59. Kg2 g5 60. Kf2 g4 61. Kg2 Kg5 62. Kf2 f4 63. Kg2 Kh4 64. Bf5 Bc5 65. Kh2 Rg1 {[%csl Gf4,Gg1,Gh4][%cal Rg4g3]} 66. Bxg4 Rxg4 67. Nd2 b2 {Accuracy: White = 25%, Black = 83%.} 0-1

[Event "Pan-AM College-chT 2018"]
[Site "Burlingame"]
[Date "2018.11.23"]
[Round "2"]
[White "Kelson, Richard"]
[Black "Lu, Joshua"]
[Result "1/2-1/2"]
[WhiteElo "2170"]
[BlackElo "1943"]
[Annotator "NA RC"]
[PlyCount "71"]
[EventDate "2018.12.28"]
[EventType "swiss"]
[EventCountry "USA"]
[SourceTitle "playchess.com"]
[Source "ChessBase"]
[SourceQuality "1"]
[TimeControl "5400+30"]

1. e4 {[%emt 0:00:00]} c6 {[%emt 0:00:00]} 2. d4 {[%emt 0:00:00]} d5 {[%emt 0:00:00]} 3. Nc3 {[%emt 0:00:00]} g6 {[%emt 0:00:00]} 4. Nf3 {[%emt 0:00:00]} Bg7 {[%emt 0:00:00]} 5. h3 {[%emt 0:00:00]} dxe4 {[%emt 0:00:00]} 6. Nxe4 {[%emt 0:00:00]} Nd7 {[%emt 0:00:00]} 7. Bc4 {[%emt 0:00:00]} Ngf6 {[%emt 0:00:00]} 8. Nxf6+ {[%emt 0:00:00]} Nxf6 {[%emt 0:00:00]} 9. O-O {[%emt 0:01:33]} O-O {[%emt 0:00:00]} 10. Bf4 {[%emt 0:03:40]} b6 {[%emt 0:00:00]} 11. Re1 {[%emt 0:11:20]} Bb7 {[%emt 0:00:00]} 12. Qe2 {[%emt 0:05:32]} e6 {[%emt 0:00:00]} 13. Rad1 {[%emt 0:04:51]} Qc8 {[%emt 0:00:00]} 14. Be5 {[%emt 0:06:47]} a5 {[%emt 0:00:00]} 15. a4 {[%emt 0:00:55]} Ba6 {[%emt 0:00:00]} 16. Bxa6 {[%emt 0:10:07]} Qxa6 {[%emt 0:01:07]} 17. c4 {[%emt 0:01:20]} Rfd8 {[%emt 0:03:05]} 18. b3 {[%emt 0:03:42]} Rac8 {[%emt 0:02:25]} 19. Qb2 {[%emt 0:11:53]} Ne8 {[%emt 0:04:11]} 20. Bxg7 {[%emt 0:06:34]} Nxg7 {[%emt 0:00:42]} 21. d5 {[%emt 0:09:49]} cxd5 {[%emt 0:04:09]} 22. cxd5 {[%emt 0:00:33]} exd5 {[%emt 0:12:38]} 23. Qf6 {[%emt 0:03:13]} Re8 {[%emt 0:04:03]} 24. Rxe8+ {[%emt 0:03:32]} Rxe8 {[%emt 0:03:00]} 25. Rxd5 {[%emt 0:01:52]} Qb7 {[%emt 0:05:28]} 26. Rd8 {[%emt 0:02:56]} Qc7 {[%emt 0:05:23]} 27. Rd6 {[%emt 0:03:17]} Qc1+ {[%emt 0:16:16]} 28. Kh2 {[%emt 0:00:34]} Re6 {[%emt 0:05:17]} 29. Qd8+ {[%emt 0:02:45]} Re8 {[%emt 0:01:23]} 30. Qf6 {[%emt 0:02:40]} Re6 {[%emt 0:00:46]} 31. Qd8+ {[%emt 0:02:05]} Re8 {[%emt 0:00:32]} 32. Qxb6 {[%emt 0:00:57]} Qf4+ {[%emt 0:00:01]} 33. Kh1 Qc1+ 34. Ng1 Re1 {[%emt 0:00:01]} 35. f3 Nf5 {[%emt 0:00:01]} 36. Rd8+ {[%emt 0:03:13] Re5 [%clk 00:35:05]} 1/2-1/2

[Event "Pan-AM College-chT 2018"]
[Site "Burlingame"]
[Date "2018.11.23"]
[Round "2"]
[White "Pan, Kevin"]
[Black "Wu, Rochelle"]
[Result "1/2-1/2"]
[WhiteElo "2123"]
[BlackElo "2096"]
[Annotator "NA RC"]
[PlyCount "37"]
[EventDate "2018.12.28"]
[EventType "swiss"]
[EventCountry "USA"]
[SourceTitle "playchess.com"]
[Source "ChessBase"]
[SourceQuality "1"]
[TimeControl "5400+30"]

1. e4 {[%emt 0:00:00]} c5 {[%emt 0:00:00]} 2. Nc3 {[%emt 0:00:00]} a6 {[%emt 0:00:00]} 3. f4 {[%emt 0:00:00]} b5 {[%emt 0:00:00]} 4. Nf3 {[%emt 0:00:00]} Bb7 {[%emt 0:00:00]} 5. d3 {[%emt 0:00:00]} e6 {[%emt 0:00:00]} 6. g3 {[%emt 0:00:00]} d5 {[%emt 0:00:00]} 7. e5 {[%emt 0:00:00]} h5 {[%emt 0:00:00]} 8. Bg2 {[%emt 0:00:00]} Nh6 {[%emt 0:00:00]} 9. d4 {[%emt 0:00:00]} Nf5 {[%emt 0:00:00]} 10. Ne2 {[%emt 0:00:00]} Nc6 {[%emt 0:00:00]} 11. c3 {[%emt 0:00:00]} Qb6 {[%emt 0:00:00]} 12. Bh3 {[%emt 0:00:00]} Nce7 {[%emt 0:00:00]} 13. O-O {[%emt 0:00:00]} Nh6 {[%emt 0:01:53]} 14. dxc5 {[%emt 0:00:00]} Qxc5+ {[%emt 0:00:32]} 15. Ned4 {[%emt 0:00:00]} Nef5 {[%emt 0:00:49]} 16. Kh1 {[%emt 0:04:04]} g6 {[%emt 0:02:00]} 17. Bd2 {[%emt 0:08:41]} Be7 {[%emt 0:01:42]} 18. Qc1 {[%emt 0:12:58]} Qb6 {[%emt 0:02:01]} 19. Ng1 {[%emt 0:03:19]} 1/2-1/2

[Event "Pan-AM College-chT 2018"]
[Site "Burlingame"]
[Date "2018.11.23"]
[Round "2"]
[White "Ravuri, Vinesh"]
[Black "Sartorio, William"]
[Result "1-0"]
[WhiteElo "2042"]
[BlackElo "1873"]
[Annotator "NA RC"]
[PlyCount "63"]
[EventDate "2018.12.28"]
[EventType "swiss"]
[EventCountry "USA"]
[SourceTitle "playchess.com"]
[Source "ChessBase"]
[SourceQuality "1"]
[TimeControl "5400+30"]

1. d4 {[%emt 0:00:00]} d5 {[%emt 0:00:00]} 2. Nc3 {[%emt 0:00:00]} Nf6 {[%emt 0:00:00]} 3. Bf4 {[%emt 0:00:00]} c6 {[%emt 0:00:00]} 4. e3 {[%emt 0:00:00]} e6 {[%emt 0:00:00]} 5. Bd3 {[%emt 0:00:00]} Bd6 {[%emt 0:00:00]} 6. Nf3 {[%emt 0:00:00]} b6 {[%emt 0:00:00]} 7. Qd2 {[%emt 0:00:00]} Bb7 {[%emt 0:00:00]} 8. e4 {[%emt 0:00:00]} dxe4 {[%emt 0:00:00]} 9. Nxe4 {[%emt 0:00:00]} Bxf4 {[%emt 0:00:00]} 10. Qxf4 {[%emt 0:00:00]} Nxe4 {[%emt 0:00:00]} 11. Bxe4 {[%emt 0:00:00]} Nd7 {[%emt 0:00:00]} 12. O-O-O {[%emt 0:00:00]} Nf6 {[%emt 0:00:00]} 13. Ne5 {[%emt 0:00:00]} Qc7 {[%emt 0:00:00]} 14. Bf3 {[%emt 0:00:00]} O-O {[%emt 0:00:00]} 15. h4 {[%emt 0:00:00]} Rac8 {[%emt 0:00:00]} 16. h5 {[%emt 0:09:59]} h6 {[%emt 0:06:33]} 17. g4 {[%emt 0:02:43]} Nh7 {[%emt 0:01:03]} 18. Rhe1 {[%emt 0:05:01]} Ng5 {[%emt 0:05:05]} 19. Bg2 {[%emt 0:01:10]} c5 {[%emt 0:01:09]} 20. Bxb7 {[%emt 0:00:36]} Qxb7 {[%emt 0:00:32]} 21. dxc5 {[%emt 0:00:50]} Rxc5 {[%emt 0:00:45]} 22. Nd7 {[%emt 0:00:52]} Rfc8 {[%emt 0:12:11]} 23. Nxc5 {[%emt 0:01:22]} Rxc5 {[%emt 0:00:37]} 24. Qe3 {[%emt 0:02:46]} Qa6 {[%emt 0:02:07]} 25. Kb1 {[%emt 0:01:26]} Qa4 {[%emt 0:02:33]} 26. Rd8+ {[%emt 0:00:40]} Kh7 {[%emt 0:00:35]} 27. Qd3+ {[%emt 0:00:30]} f5 {[%emt 0:00:45]} 28. Rd4 {[%emt 0:02:50]} Qc6 {[%emt 0:01:37]} 29. Rd1 {[%emt 0:11:09]} Ne4 {[%emt 0:01:50]} 30. Rd7 {[%emt 0:00:48]} Qa4 {[%emt 0:05:08]} 31. gxf5 {[%emt 0:01:33]} Nxf2 {[%emt 0:02:33]} 32. Rg1 {[%emt 0:00:48]} 1-0